Statistics for L ile Başlayan Ülkeler

Click here to take the quiz!

General Stats

  • This quiz has been taken 869 times
  • The average score is 5 of 9

Answer Stats

Ülke% Correct
Litvanya
86%
Letonya
84%
Lüksemburg
67%
Laos
54%
Lihtenştayn
48%
Lübnan
43%
Libya
40%
Liberya
35%
Lesotho
27%

Score Distribution

Percentile by Number Answered

Percent of People with Each Score

Your Score History

You have not taken this quiz